00685nam a2200241 a 450000100060000000300090000600800410001502000180005604000280007404100080010208200120011010000190012224500460014125000220018726000630020930000350027250000440030765000140035165000140036565000250037965000180040465000210042225547CO-ViMGA141112s2004 ck r 000 u spa d a9789500603348 aCO-ViMGAbspacCO-ViMGA aSPA04a570 B361 aCurtis, Helena10aBiología / cHelena Curtis ... [et al.] a7a ed., 6a reimp. aBuenos Aires : bEditorial Médica PanAméricana, c2013 a1520 p. : il. col., fotos col. aIncluye glosario e índice analítico14aBIOLOGIA 14aECOLOGIA 14aEVOLUCION (BIOLOGIA)14aREPRODUCCION 14aVIDA (BIOLOGIA)